00471nam a2200169Ia 4500999001700000003000400017005001700021008004100038040000900079082001500088100002600103245007200129260003700201300000900238650001800247942003600265 c12543d12543OSt20201104122008.0190216s9999||||xx |||||||||||||| ||und|| coclc a824bVAS/P aVasudevan , S A96256 0aPerspectives An Anthology Of Modern English Prose /cS A Vasudevan  bOrient Longman,c1970.aBombay : a258p aEnglish Essay cBK2ddch824iVAS/Pk824mVAS/P